Una hermosa cárcel llamada tierra : (Registro nro. 259666)

Detalles MARC
000 -LEADER
fixed length control field 01730nam a2200421Ki 4500
001 - CONTROL NUMBER
control field DIGOVENEG424
003 - CONTROL NUMBER IDENTIFIER
control field NyNyDIG
006 - FIXED-LENGTH DATA ELEMENTS--ADDITIONAL MATERIAL CHARACTERISTICS
fixed length control field m o d
008 - FIXED-LENGTH DATA ELEMENTS--GENERAL INFORMATION
fixed length control field 201107t20182018ck o 000 0 spa d
007 - PHYSICAL DESCRIPTION FIXED FIELD--GENERAL INFORMATION
fixed length control field cr |||||||||||
035 ## - SYSTEM CONTROL NUMBER
System control number (OCoLC)1204223877
040 ## - CATALOGING SOURCE
Original cataloging agency DGITA
Language of cataloging eng
Description conventions rda
-- pn
Transcribing agency DGITA
020 ## - INTERNATIONAL STANDARD BOOK NUMBER
Canceled/invalid ISBN 9789580614036
020 ## - INTERNATIONAL STANDARD BOOK NUMBER
Canceled/invalid ISBN 9580614032
050 14 - LIBRARY OF CONGRESS CALL NUMBER
Classification number BT660.F3 ebook
082 04 - DEWEY DECIMAL CLASSIFICATION NUMBER
Classification number 232.9170946945
100 1# - MAIN ENTRY--PERSONAL NAME
Personal name Manrique Focaccio, Ramón,
Relator term interviewer.
245 14 - TITLE STATEMENT
Title Una hermosa cárcel llamada tierra :
Remainder of title ¡El secreto de Fátima que la Iglesia nunca publicó! /
Statement of responsibility, etc. Ramón Manrique Focaccio.
264 #1 - PRODUCTION, PUBLICATION, DISTRIBUTION, MANUFACTURE, AND COPYRIGHT NOTICE
Place of production, publication, distribution, manufacture Bogotá, Colombia :
Name of producer, publisher, distributor, manufacturer Editorial Oveja Negra,
Date of production, publication, distribution, manufacture, or copyright notice [2018]
300 ## - PHYSICAL DESCRIPTION
Extent 1 online resource.
336 ## - CONTENT TYPE
Content type term text
Content type code txt
Source rdacontent
337 ## - MEDIA TYPE
Media type term computer
Media type code c
Source rdamedia
338 ## - CARRIER TYPE
Carrier type term online resource
Carrier type code cr
Source rdacarrier
347 ## - DIGITAL FILE CHARACTERISTICS
File type text file
Source rdaft
347 ## - DIGITAL FILE CHARACTERISTICS
Encoding format PDF
500 ## - GENERAL NOTE
General note "Un libro que hará creer en Dios a los ateos y hará reflexionar a los creyentes" -- front cover.
588 0# - SOURCE OF DESCRIPTION NOTE
Source of description note Online resource; title from PDF title page (Digitalia, viewed November 9, 2020)
600 00 - SUBJECT ADDED ENTRY--PERSONAL NAME
Personal name Maria Lúcia,
Titles and other words associated with a name Irmã,
Dates associated with a name 1907-2005
Form subdivision Interviews.
650 #0 - SUBJECT ADDED ENTRY--TOPICAL TERM
Topical term or geographic name entry element Fatima, Our Lady of.
655 #0 - INDEX TERM--GENRE/FORM
Genre/form data or focus term Electronic books.
700 0# - ADDED ENTRY--PERSONAL NAME
Personal name Maria Lúcia,
Titles and other words associated with a name Irmã,
Dates associated with a name 1907-2005,
Relator term interviewee.
791 2# -
-- Digitalia (Firm),
-- distributor.
793 0# -
-- Digitalia eBook Collection:
-- Editorial Oveja Negra
776 08 - ADDITIONAL PHYSICAL FORM ENTRY
Relationship information Print version:
Main entry heading Manrique Focaccio, Ramón.
Title Hermosa cárcel llamada tierra.
Edition 1a edición.
Place, publisher, and date of publication Bogotá : Editorial Oveja Negra, 2018
International Standard Book Number 9789580614036
Record control number (OCoLC)1107701229
856 40 - ELECTRONIC LOCATION AND ACCESS
Materials specified Digitalia Hispánica
Uniform Resource Identifier <a href="https://www.digitaliapublishing.com/a/63919/">https://www.digitaliapublishing.com/a/63919/</a>
910 ## - USER-OPTION DATA (OCLC)
User-option data Premium collection: 2020
942 ## - ADDED ENTRY ELEMENTS (KOHA)
Koha item type Recurso Electrónico
Existencias
Withdrawn status Lost status Damaged status Not for loan Collection Home library Current library Date acquired Total checkouts Date last seen Price effective from Koha item type
        Digitalia Ebooks Hispanica Biblioteca Digital UIN Biblioteca Digital UIN 04/25/2025   04/25/2025 04/25/2025 Recurso Electrónico

CONTACTO


NOSOTROS


SITIOS DE INTERES

coordinacion.biblioteca.biblioteca@unienlinea.mx Misión, Visión y Objetivos Bases de datos
Directorio Bibliotecas Digitales y Repositorios
Normatividad Revistas y artículos
Convenios interbibliotecarios
Boletines



Hecho en México. Universidad Insurgentes (UIN). Todos los derechos reservados 2024. Esta página y sus contenidos pueden ser reproducidos con fines no lucrativos, siempre y cuando no se mutile, se cite la fuente completa y su dirección electrónicas. De otra forma requiere permiso previo por escrito de la institución




2024 Copyright Universidad Insurgentes | www.bibliouin.com.mx